Latex: Tra cứu và soạn thảo
Shranjeno v:
| Glavni avtor: | |
|---|---|
| Format: | Knjiga |
| Jezik: | Undetermined |
| Izdano: |
H.
ĐHQG
2001
|
| Teme: | |
| Oznake: |
Označite
Brez oznak, prvi označite!
|
| Thư viện lưu trữ: | Trung tâm Học liệu Trường Đại học Cần Thơ |
|---|
| LEADER | 00533nam a2200181Ia 4500 | ||
|---|---|---|---|
| 001 | CTU_56562 | ||
| 008 | 210402s9999 xx 000 0 und d | ||
| 020 | |b 25000 | ||
| 082 | |a 005.453 | ||
| 082 | |b Đ305 | ||
| 100 | |a Nguyễn Hữu Điển | ||
| 245 | 0 | |a Latex: Tra cứu và soạn thảo | |
| 245 | 0 | |c Nguyễn Hữu Điển | |
| 260 | |a H. | ||
| 260 | |b ĐHQG | ||
| 260 | |c 2001 | ||
| 650 | |a compiler ( computer programs ),latex ( computer programs ) | ||
| 980 | |a Trung tâm Học liệu Trường Đại học Cần Thơ | ||